000 01314nam a2200265 a 4500
001 000010219
003 DO-SdBNP
005 20240412074216.0
008 091005s2003 dr 000 0 spa d
040 _aDO-SdBNP
_bspa
_cBNPHU
082 _aRD861.44
_bP745d
245 0 0 _aPoetas dominicanos en varios tiempos /
_ccompilador Julio Jaime Julia ; editores Tomás Castro Burdiez, José Rafael Vargas.
260 _aSanto Domingo :
_bBanco Popular,
_c2003.
300 _a221 p. ;
_c22 cm.
500 _aIncluye datos biográficos del compilador en la contracubierta
505 0 _aFranklin Mieses Burgos -- Ramón Francisco -- Rubén Suro -- Ramón Lacay Polanco -- Porfirio Herrera -- Marcio Veloz Maggiolo -- Antonio Fernández Spencer -- Rodolfo Coiscou-Weber -- Abel Fernández Mejía -- Abelardo Vicioso -- Máximo Avilés Blonda -- Alberto Peña Lebrón -- Agripino Peña L. -- Ramón Cifré Navarro -- Rafael Valera Benítez -- Víctor Garrido -- Lupo Hernández Rueda.
590 _aInventariado, 2019/LP
650 0 _aPoesía dominicana
_966
650 0 _aLiteratura dominicana.
_967
700 1 _aJulio, Julio Jaime,
_ecomp.
_925217
700 1 _aVargas, José Rafael,
_eed.
_921851
700 _aCastro, Tomás,
_d1959-
_eed.
_924641
910 _aValidado. Control de calidad BNPHU
942 _2ddc
_cLBS1
999 _c9978
_d9978